000 00578nam a2200157 a 4500
001 000028665
005 20200930055051.0
008 110411s1986 dr 000 0 spa d
040 _aDO-SdBNP
_bspa
_cBNPHU
082 _axxxx
_bZ87a
245 0 0 _aZonificación agricola cuenca del Rio Ocoa.
260 _aSanto Domingo :
_bSecretaría de Estado de Agricultura, SubSecretaría de Recursos Naturales, Departamento de Inventario y Ordenamiento de los Recursos Naturales, Proyecto Marena,
_c1986.
300 _a84 p. :
_b28 cm.
504 _aBibliografía : p.83-84
049 _aBNPD
999 _c28157
_d28157